| 000 | 00483nam a2200181Ia 4500 | ||
|---|---|---|---|
| 005 | 20250508160346.0 | ||
| 008 | 008 250505s9999 xx 000 0 eng d | ||
| 037 | _aTextual | ||
| 040 |
_aFEDL _beng _cFEDL |
||
| 041 |
_aeng _2eng |
||
| 084 |
_a371.216, MIS _qFEDL |
||
| 100 |
_aMisra V S _992241 |
||
| 245 | 0 | _aInvestigation into admission criteria | |
| 300 | _a25p. | ||
| 650 |
_aAdmission _9465552 |
||
| 942 |
_cTEXL _h371.216, MIS |
||
| 999 |
_c1363995 _d1363995 |
||